|
|
|
|
| LEADER |
01019nam a22003138a 4500 |
| 001 |
00046100 |
| 005 |
20201203141211.0 |
| 008 |
181029s2018####-vm#################vie|d |
| 020 |
# |
# |
|c 0
|a 9786045542330
|
| 041 |
0 |
# |
|a vie
|
| 082 |
1 |
4 |
|a 959.731
|b L106C
|
| 245 |
1 |
0 |
|n Tập 2
|c Lưu Minh Trị (ch.b.); Trịnh Văn Ban, Đăng Bằng,... (b.s.)
|a Làng cổ Hà Nội
|
| 260 |
# |
# |
|a Hà Nội
|b Hà Nội
|c 2019
|
| 300 |
# |
# |
|a 620 tr.
|c 21 cm
|
| 490 |
# |
# |
|a Tủ sách Thăng Long 1000 năm
|
| 504 |
# |
# |
|a Phụ lục: tr. 561-602.- Thư mục: tr. 603-613
|
| 653 |
# |
# |
|a Hà Nội
|
| 653 |
# |
# |
|a Làng cổ
|
| 653 |
# |
# |
|a Văn hóa
|
| 653 |
# |
# |
|a Việt Nam
|
| 653 |
# |
# |
|a Lịch sử
|
| 700 |
# |
# |
|a Lưu, Minh Trị
|e Chủ biên
|
| 700 |
# |
# |
|a Nguyễn, Thị Dơn
|
| 700 |
# |
# |
|a Đặng, Bằng
|
| 700 |
# |
# |
|a Trịnh, Văn Ban
|
| 852 |
# |
# |
|j KD.0027641
|
| 910 |
# |
# |
|d 03/12/2020
|
| 980 |
# |
# |
|a Trung tâm Học liệu Lê Vũ Hùng, Trường Đại học Đồng Tháp
|